| 000 | 00708nam a2200277Ia 4500 | ||
|---|---|---|---|
| 001 | 203 | ||
| 005 | 20240113233402.0 | ||
| 007 | ta | ||
| 008 | 050106s2002 g b000 u asm u | ||
| 040 | _aStack | ||
| 041 |
_aasm _hasm |
||
| 082 |
_a891.493 B _bBa 11 Ch |
||
| 100 | _aBasumatary, Uthrisar Khungur . | ||
| 245 | 0 |
_aChe guevera / _cUthrisar Khungur Basumatary. _hTextual Documents |
|
| 250 | _a1st ed / | ||
| 260 |
_aKokrajhar : _bOnsumai library , _c2002. |
||
| 300 |
_a244p. ; _c22cm. |
||
| 500 | _aThis book is originally in Assamese | ||
| 653 | _aBodo novel | ||
| 942 |
_2ddc _cBK |
||
| 999 |
_c203 _d203 |
||